| 000 | 00712cam a22001337a 4500 | ||
|---|---|---|---|
| 008 | 180718b-- xxu||||| |||| 00| 0 eng d | ||
| 082 | _aK312x54 In2 | ||
| 245 |
_aBrochure on reservation for scheduled castes and scheduled tribes in services _cby Department of Personnel and Training, Ministry of Personnel, Public Grievances and Pensions |
||
| 260 |
_aNew Delhi _bDepartment of Personnel and Training, Ministry of Personnel, Public Grievances and Pensions _c-- |
||
| 500 | _aLibrary has the editions ist, 3rd-6th, 8th | ||
| 650 | _aBackward classes - India | ||
| 650 | _aReservation - Employment - India | ||
| 700 | _aIndia. Ministry of Personnel, Public Grievances and Pensions. Department of Personnel and Training | ||
| 999 |
_c481179 _d481179 |
||